000 00702cab a2200253 4500
001 ABS50405
008 090401t1994 xxu||||| |||| 00| 0 eng d
035 _a(Sirsi) u75572
041 _aeng
245 _aBuilding study: Norwich`s iceberg shoping centre
260 _c1994
350 _a0
490 _aArchitects` Journal
_v199(17) 27 April 1994, 39-489(10)
520 _aCastle Mall shopping centre, Norwich.
650 _aBUILT ENVIRONMENT-BUILDING COSTS
650 _aCASTLE MALL
650 _aCOST ANALYSIS
650 _aNORWICH
650 _aPROJECT ANALYSIS
650 _aSHOPPING CENTRES
690 _aBUILDING AND CONSTRUCTION-PROJECTS
942 _n0
948 _c04/03/1997
999 _c47545
_d47545